000 00833nam a22001815i 4500
001 164061
003 ES-MaACL
005 20250915063100.0
008 021008s1887 sp |||| | cat d
040 _aCAM
_bspa
_cCAM
100 1 _aRovira y Serra, Manuel,
_d1865-1929
_9132129
245 1 4 _aLos orfanets
_b: quadro dramatich en un acte y en vers /
_coriginal de Manuel Rovira y Serra.
260 _aBarcelona :
_b[s.n.],
_c1887 (
_fEstampa dels successors de N. Ramirez y cÂȘ)
300 _a24 p. ;
_c21 cm.
500 _aEn port: "Estrenat ... en lo Teatro Principla la nit del 10 de mars de 1887"
852 _aES-MaACL
_jG-3518(1)
_z-- Enc. tela roja con hierros, falto de la enc. original
_z-- Ded. del autor a la Biblioteca del Ateneo de Madrid, Agosto 1926
_z-- Enc. en un vol. facticio
999 _c164061
_d164061